Video age international

Bibliographic Details
Format: Unknown
Language:English
Published: [New York, N.Y.] : International TV Age Ltd.,
Subjects:
Online Access:Acceso restringido

MARC

LEADER 00000ny a22000003n 4500
005 2011051002222.0
008 100413c19819999nyuzx p 0 a0eng c
010 |a 84643865   |z sn 81006659 
022 0 |a 0278-5013 
035 |a 2825 
040 |a NSDP  |c NSDP  |d vLex 
090 |c 1602  |d 1602 
245 3 0 |a Video age international  |h [Recurso electrn̤ico] 
246 3 |a Videoage international 
256 |a Servicio en ln̕ea 
260 |a [New York, N.Y.] :  |b International TV Age Ltd., 
506 1 |a Contenido solo disponible en los productos indicados  |d vLex Global  |d vLex Global (Academic Edition, excluding Law Schools)  |d vLex Global (Academic Edition, Law Schools) 
650 0 4 |a Radiodifusin̤  |x Publicaciones perid̤icas 
650 0 4 |a Televisin̤  |x Publicaciones perid̤icas 
740 0 |a vLex Revista (Servicios en ln̕ea) 
843 |a Electrn̤ica. Abierta 
853 |8 1  |i (year)  |j (month)  |k (day) 
856 4 0 |z Acceso restringido  |u http://vlex.com/account/login_ip?fuente_id=2825  
942 |c REV 
999 0 |a Television broadcasting  |v Periodicals.